header

European fair trading law (Record no. 152768)

MARC details
000 -LEADER
fixed length control field 01551nam a22003854a 4500
082 04 - DEWEY DECIMAL CLASSIFICATION NUMBER
Classification number 343.24/072
100 1# - MAIN ENTRY--AUTHOR NAME
Personal name Howells, Geraint G.
245 10 - TITLE STATEMENT
Title European fair trading law
260 ## - PUBLICATION, DISTRIBUTION, ETC. (IMPRINT)
Place of publication Aldershot, England ;
-- Burlington, VT :
Name of publisher Ashgate Pub. Company,
Year of publication c2006.
300 ## - PHYSICAL DESCRIPTION
Number of Pages xvi, 295 p.
490 1# - SERIES STATEMENT
Series statement Markets and the law
650 #0 - SUBJECT ADDED ENTRY--TOPICAL TERM
Topical Term Competition, Unfair
Topical Term Consumer protection
700 1# - ADDED ENTRY--PERSONAL NAME
Personal name Micklitz, Hans-W.
Personal name Wilhelmsson, Thomas,
856 40 - ELECTRONIC LOCATION AND ACCESS
Uniform Resource Identifier http://site.ebrary.com/lib/rucke/Doc?id=10228283

No items available.

© 2026 Rongo University
Contact us: librarian | system librarian | Rongo university